[Event "Baku Open 2016"]
[Site "Baku AZE"]
[Date "2016.09.18"]
[Round "1.1"]
[White "Artemiev, Vladislav"]
[Black "Bagheri, Maziar"]
[Result "1-0"]
[WhiteTitle "GM"]
[WhiteElo "2663"]
[BlackElo "2361"]
[WhiteFideId "24101605"]
[BlackFideId "12530913"]
[EventDate "2016.09.18"]

1. Nf3 Nf6 2. g3 e6 3. Bg2 Be7 4. c4 O-O 5. d4 d5 6. Qc2 a6 7. Nbd2 Nc6 8. O-O
dxc4 9. Qxc4 Bd7 10. Nb3 Ne4 11. Ne5 Nd6 12. Qc2 Nb4 13. Qd2 Nd5 14. e4 Nb6 15.
Nxd7 Qxd7 16. Nc5 Qd8 17. Rd1 Rb8 18. Qc2 c6 19. Bf4 Re8 20. Qb3 Bf8 21. Rac1
Na8 22. h4 h6 23. a4 a5 24. e5 Nf5 25. Nxb7 Qe7 26. Bxc6 Rec8 27. d5 exd5 28.
Bxd5 Nc7 29. Be4 Ne6 30. Rxc8 Rxc8 31. Bxf5 Rb8 32. Be4 Nc5 33. Qc2 Nxb7 34. e6
Rd8 35. Bxb7 Rxd1+ 36. Qxd1 Qxb7 37. Qd7 1-0

[Event "Baku Open 2016"]
[Site "Baku AZE"]
[Date "2016.09.18"]
[Round "1.2"]
[White "Pirverdiyev, Agil"]
[Black "Amin, Bassem"]
[Result "1/2-1/2"]
[BlackTitle "GM"]
[WhiteElo "2343"]
[BlackElo "2661"]
[WhiteFideId "13400568"]
[BlackFideId "10601457"]
[EventDate "2016.09.18"]

1. e4 e5 2. Nf3 Nc6 3. Bb5 a6 4. Ba4 Nf6 5. O-O Be7 6. Re1 b5 7. Bb3 d6 8. c3
O-O 9. h3 Nb8 10. d4 Nbd7 11. Nbd2 Bb7 12. Bc2 Re8 13. Nf1 Bf8 14. Ng3 g6 15. b3
Bg7 16. Bb2 h5 17. Rb1 Bh6 18. Bd3 Bf4 19. Qc2 Rc8 20. Bc1 Nf8 21. a4 Qd7 22.
axb5 axb5 23. dxe5 dxe5 24. Qe2 c6 25. Bxf4 exf4 26. Nf1 Rcd8 27. Rbd1 Qc7 28.
Qc2 c5 29. N1d2 Bc6 30. Ra1 N8d7 31. Bf1 Ne5 32. Nxe5 Rxe5 33. Bd3 Ree8 34. Nf3
c4 35. bxc4 bxc4 36. Bxc4 Bxe4 37. Qa2 Ra8 38. Qb3 Rxa1 39. Rxa1 Rb8 40. Qd1
Bxf3 41. gxf3 Rd8 42. Qe2 Rc8 43. Ra4 Kg7 44. Qd3 Rd8 45. Ra7 Qxa7 46. Qxd8 Qd7
47. Qb8 Qf5 48. Qb7 Nh7 49. h4 g5 50. hxg5 Nxg5 51. Qd5 Qf6 52. Bd3 Kh6 53. c4
h4 54. c5 Qc3 55. Bf5 h3 56. Kh2 Nxf3+ 57. Kxh3 Ne5+ 58. Kg2 Kg5 59. Be4 f5 60.
Qd8+ Kg6 61. Qg8+ Kf6 62. Qf8+ Ke6 63. Bxf5+ Kd5 64. Qd6+ Kc4 65. Be6+ Kb5 66.
Qb6+ Ka4 67. Bd5 Qd4 68. Qd6 Kb5 69. Qb6+ Ka4 70. Qb3+ Ka5 71. Qb6+ 1/2-1/2

[Event "Baku Open 2016"]
[Site "Baku AZE"]
[Date "2016.09.18"]
[Round "1.3"]
[White "Sjugirov, Sanan"]
[Black "Aghayev, Nijat"]
[Result "1-0"]
[WhiteTitle "GM"]
[BlackTitle "IM"]
[WhiteElo "2653"]
[BlackElo "2342"]
[WhiteFideId "4189302"]
[BlackFideId "13402048"]
[EventDate "2016.09.18"]

1. d4 Nf6 2. c4 c5 3. d5 d6 4. Nc3 g6 5. e4 Bg7 6. Nf3 O-O 7. h3 e6 8. Bd3 exd5
9. exd5 Re8+ 10. Be3 Nh5 11. O-O Bxc3 12. bxc3 Nd7 13. Qd2 b6 14. a4 Ne5 15.
Nxe5 dxe5 16. a5 Bd7 17. axb6 axb6 18. Rxa8 Qxa8 19. Qb2 b5 20. Ra1 Qb7 21. cxb5
Qxd5 22. Be2 c4 23. b6 Bc6 24. Bf3 e4 25. Rd1 Qf5 26. Bg4 Qe5 27. Qb4 Nf4 28.
Qd6 1-0

[Event "Baku Open 2016"]
[Site "Baku AZE"]
[Date "2016.09.18"]
[Round "1.4"]
[White "Muradli, Mahammad"]
[Black "Lupulescu, Constantin"]
[Result "0-1"]
[WhiteTitle "FM"]
[BlackTitle "GM"]
[WhiteElo "2331"]
[BlackElo "2618"]
[WhiteFideId "13409301"]
[BlackFideId "1207822"]
[EventDate "2016.09.18"]

1. d4 Nf6 2. Nf3 d5 3. c4 e6 4. Nc3 Nbd7 5. Bf4 dxc4 6. e3 Nd5 7. Bxc4 Nxf4 8.
exf4 Nb6 9. Bb3 g6 10. d5 Bg7 11. dxe6 Bxe6 12. Bxe6 Qxd1+ 13. Kxd1 fxe6 14. Re1
O-O 15. g3 Rae8 16. Re2 Nd5 17. Kc2 Nxc3 18. bxc3 Rf5 19. Rd1 Rc5 20. Rd3 Bf6
21. Nd2 Ra5 22. Kb3 Rb5+ 23. Kc2 Ra5 24. Kb3 Kf7 25. Ne4 Rd8 26. Rxd8 Bxd8 27.
Rd2 Ke8 28. Re2 Kf7 29. Rd2 Rd5 30. c4 Rxd2 31. Nxd2 Bf6 32. Ne4 e5 33. fxe5
Bxe5 34. c5 Ke6 35. Kc4 Kf5 36. f3 c6 37. a4 h5 38. Nf2 Bc7 39. Ne4 h4 40. Kd4
b6 41. Kc4 g5 42. Kd4 Be5+ 43. Kc4 g4 44. Nd2 h3 45. cxb6 axb6 46. Ne4 gxf3 47.
Nf2 b5+ 48. axb5 cxb5+ 49. Kd3 b4 50. Ke3 b3 51. Nd3 Bxg3 52. Kxf3 Bxh2 53. Nb2
Bc7 54. Nd3 Bd6 55. Nb2 Ke5 0-1

[Event "Baku Open 2016"]
[Site "Baku AZE"]
[Date "2016.09.18"]
[Round "1.5"]
[White "Lenderman, Aleksandr"]
[Black "Soozankar, A.M."]
[Result "1-0"]
[WhiteTitle "GM"]
[BlackTitle "FM"]
[WhiteElo "2600"]
[BlackElo "2329"]
[WhiteFideId "2021285"]
[BlackFideId "12503029"]
[EventDate "2016.09.18"]

1. d4 d5 2. c4 c6 3. Nf3 Nf6 4. Qc2 e6 5. Bg5 Be7 6. e3 Nbd7 7. Nc3 O-O 8. Bd3
dxc4 9. Bxc4 Nd5 10. Bxe7 Qxe7 11. O-O b6 12. Nxd5 cxd5 13. Bd3 Nf6 14. Rac1 Bd7
15. Ba6 Qb4 16. Ne5 Bb5 17. Bxb5 Qxb5 18. Nc6 Qa6 19. a4 Qb7 20. b4 Ne4 21. b5
a6 22. Qb2 axb5 23. axb5 Nd6 24. Qb4 Nf5 25. Rc2 f6 26. Rfc1 Qf7 27. Re2 Rfe8
28. f3 Qd7 29. e4 Nd6 30. Rce1 Nc4 31. h3 Kf7 32. Rc1 g6 33. Kf2 Kg7 34. Rcc2
Kf7 35. Ra2 Qd6 36. Rxa8 Rxa8 37. exd5 exd5 38. Qe1 Qh2 39. Nd8+ Kg7 40. Re7+
Kh6 41. Qc1+ g5 42. Qc2 f5 43. Nf7+ Kg6 44. Qe2 Ne3 45. Rxe3 g4 46. Ne5+ Kg7 47.
fxg4 1-0

[Event "Baku Open 2016"]
[Site "Baku AZE"]
[Date "2016.09.18"]
[Round "1.6"]
[White "Aliyev, Ravan"]
[Black "Bogdanovich, Stanislav"]
[Result "0-1"]
[BlackTitle "IM"]
[WhiteElo "2225"]
[BlackElo "2591"]
[WhiteFideId "13409980"]
[BlackFideId "14115298"]
[EventDate "2016.09.18"]

1. d4 d5 2. c4 dxc4 3. Nf3 c6 4. a4 Nf6 5. e3 Be6 6. Na3 c5 7. Bxc4 Bxc4 8. Nxc4
Nc6 9. O-O cxd4 10. exd4 e6 11. Qb3 Bb4 12. Rd1 Qd5 13. Bf4 O-O 14. Rac1 a5 15.
Qc2 Qh5 16. Ne3 Rfd8 17. Bg5 Be7 18. Bxf6 Bxf6 19. Qe4 Qg6 20. Qxg6 hxg6 21. d5
exd5 22. Rxd5 Rxd5 23. Nxd5 Rd8 24. Nxf6+ gxf6 25. Kf1 Rd3 26. Rc3 Rd1+ 27. Ke2
Rb1 28. Rb3 Nb4 29. Nd2 Ra1 30. Nc4 Rxa4 31. Nxa5 Nc2 32. Kd2 Na1 33. Rxb7 Rxa5
34. Rb8+ Kg7 35. Kc1 Rc5+ 36. Kb1 Nc2 37. b4 Rc4 0-1

[Event "Baku Open 2016"]
[Site "Baku AZE"]
[Date "2016.09.18"]
[Round "1.7"]
[White "Abasov, Nijat"]
[Black "Abdisalimov, Abdimalik"]
[Result "1-0"]
[WhiteTitle "GM"]
[BlackTitle "FM"]
[WhiteElo "2552"]
[BlackElo "2310"]
[WhiteFideId "13402960"]
[BlackFideId "14206323"]
[EventDate "2016.09.18"]

1. c4 g6 2. g3 Bg7 3. Bg2 c5 4. Nc3 Nc6 5. a3 Nf6 6. Rb1 a5 7. Nh3 O-O 8. Nf4 d6
9. O-O e6 10. e3 Ne8 11. b3 Nc7 12. Bb2 Rb8 13. Qe2 Bd7 14. Rfd1 Qe7 15. h4 Rfd8
16. Kh2 Be8 17. a4 f5 18. Nb5 e5 19. Nxc7 exf4 20. Nd5 fxg3+ 21. fxg3 Qf8 22. d4
Kh8 23. Qd2 Bf7 24. Rf1 Re8 25. dxc5 dxc5 26. e4 Bxb2 27. Qxb2+ Nd4 28. Nf6 Re7
29. e5 Qd8 30. Rfe1 Qc7 31. Re3 Rxe5 32. Rxe5 Qxe5 33. Nd7 Qd6 34. Nxb8 Qxb8 35.
Qf2 b6 36. Re1 Qd8 37. Qe3 Kg8 38. Qe5 Nc2 39. Qe7 Qd3 40. Re5 Nd4 41. Rd5 Qc2
42. Rd8+ Kg7 43. Kh3 Qe2 44. Qf8+ Kf6 45. Rd7 Qe8 46. Qd6+ 1-0

[Event "Baku Open 2016"]
[Site "Baku AZE"]
[Date "2016.09.18"]
[Round "1.8"]
[White "Mamedjarova, Turkan"]
[Black "Idani, Pouya"]
[Result "0-1"]
[WhiteTitle "WGM"]
[BlackTitle "GM"]
[WhiteElo "2304"]
[BlackElo "2543"]
[WhiteFideId "13402005"]
[BlackFideId "12510130"]
[EventDate "2016.09.18"]

1. e4 c5 2. c3 d6 3. d4 Nf6 4. dxc5 Nc6 5. Bc4 Nxe4 6. cxd6 Nxd6 7. Be2 g6 8.
Nf3 Bg7 9. O-O O-O 10. Na3 Qc7 11. Nb5 Nxb5 12. Bxb5 a6 13. Bd3 Rd8 14. Qe2 Bg4
15. Be4 Na5 16. Bg5 Be6 17. Rfe1 Rd7 18. Bh4 Rad8 19. Bg3 Qb6 20. Bf4 Bc4 21.
Qe3 Qxb2 22. Rac1 Bxa2 23. h4 Nc4 24. Qc5 Qb6 25. Qg5 e5 26. Bh2 f6 27. Qg3 Bh6
28. Ra1 Bf4 29. Qg4 Bxh2+ 30. Kxh2 Bb3 31. Reb1 Nd2 32. Nxd2 Rxd2 33. Bxg6 hxg6
34. Qxg6+ Kf8 35. Ra4 Qe6 36. Rg4 Ke7 37. Qg7+ Kd6 38. Rg6 Rg8 39. Qxb7 Rxg6 40.
Rxb3 Rxg2+ 41. Qxg2 Qxb3 42. Qf3 Ke7 43. Qe3 Qd5 44. h5 Rd1 0-1

[Event "Baku Open 2016"]
[Site "Baku AZE"]
[Date "2016.09.18"]
[Round "1.9"]
[White "Pourramezanali, Amirreza"]
[Black "Kazimova, Narmin"]
[Result "1/2-1/2"]
[WhiteTitle "IM"]
[BlackTitle "WGM"]
[WhiteElo "2532"]
[BlackElo "2302"]
[WhiteFideId "12511412"]
[BlackFideId "13402951"]
[EventDate "2016.09.18"]

1. g3 Nf6 2. Bg2 d5 3. d3 c6 4. Nd2 e5 5. e4 Bg4 6. Ngf3 Nbd7 7. h3 Bh5 8. O-O
Bd6 9. Qe1 O-O 10. Nh4 Re8 11. Nb3 a5 12. Nf5 Bb4 13. c3 Bf8 14. g4 Bg6 15. Qe2
a4 16. Nd2 Nc5 17. Rd1 Ne6 18. Nf1 Qc7 19. Re1 dxe4 20. dxe4 b5 21. N1g3 Nf4 22.
Qf3 a3 23. b3 Rad8 24. Bf1 b4 25. Ne2 Nd3 26. Rd1 Nc5 27. Rxd8 Rxd8 28. Neg3
bxc3 29. Bg5 Ne6 30. Bxf6 gxf6 31. Qxc3 Qb6 32. Rc1 Bc5 33. Rc2 Kh8 34. Rd2 Rxd2
35. Qxd2 Qd8 36. Qxd8+ Nxd8 37. Bc4 Ne6 38. Kf1 Kg8 39. h4 Bxf5 40. exf5 Nd4 41.
g5 fxg5 42. hxg5 Kf8 43. Kg2 Nc2 44. Ne4 Bd4 45. b4 Nxb4 46. Kg3 Nd5 47. Bxd5
cxd5 48. Nf6 Kg7 49. Ne8+ Kf8 50. Nc7 Kg7 51. Nxd5 h6 52. f4 exf4+ 53. Kxf4
hxg5+ 54. Kxg5 f6+ 55. Kf4 Bb2 1/2-1/2

[Event "Baku Open 2016"]
[Site "Baku AZE"]
[Date "2016.09.18"]
[Round "1.10"]
[White "Mamedjarova, Zeinab"]
[Black "Bajarani, Ulvi"]
[Result "0-1"]
[WhiteTitle "WGM"]
[BlackTitle "GM"]
[WhiteElo "2295"]
[BlackElo "2509"]
[WhiteFideId "13401521"]
[BlackFideId "13403028"]
[EventDate "2016.09.18"]

1. d4 d5 2. Nf3 Nf6 3. e3 c5 4. Nbd2 Nc6 5. Be2 g6 6. b3 cxd4 7. exd4 Bg7 8. Bb2
O-O 9. O-O Bf5 10. Ne5 Rc8 11. Bd3 Bxd3 12. cxd3 Nd7 13. Ndf3 e6 14. Qd2 f6 15.
Nxd7 Qxd7 16. Ba3 Rfe8 17. h3 g5 18. Bb2 Bf8 19. g3 h5 20. Kg2 Qf7 21. a3 Bg7
22. Ng1 Qg6 23. Ne2 e5 24. Rae1 g4 25. hxg4 hxg4 26. dxe5 fxe5 27. Nc3 Nd4 28.
Nxd5 Qf7 29. Ne3 Nf3 30. Qb4 Nxe1+ 31. Rxe1 Rf8 32. Nxg4 Qf3+ 33. Kg1 Rc2 34.
Re3 a5 35. Rxf3 axb4 36. Rxf8+ Kxf8 0-1

[Event "Baku Open 2016"]
[Site "Baku AZE"]
[Date "2016.09.18"]
[Round "1.11"]
[White "Rasulov, Vugar"]
[Black "Gadimbayli, Abdulla"]
[Result "1-0"]
[WhiteTitle "GM"]
[BlackTitle "FM"]
[WhiteElo "2487"]
[BlackElo "2294"]
[WhiteFideId "13402390"]
[BlackFideId "13404938"]
[EventDate "2016.09.18"]

1. d4 d5 2. Nf3 Nf6 3. c4 c6 4. Qb3 dxc4 5. Qxc4 Bg4 6. Qb3 Qb6 7. Nbd2 Nbd7 8.
e4 Qxb3 9. axb3 Bxf3 10. gxf3 e6 11. Rg1 Rg8 12. Bd3 e5 13. dxe5 Nxe5 14. Bc2
Bb4 15. Ke2 Nh5 16. Nc4 Ng6 17. Rd1 Nhf4+ 18. Kf1 Ke7 19. Be3 b5 20. Na5 Rgc8
21. e5 Ne6 22. Be4 Nxe5 23. Rdc1 Bxa5 24. Rxa5 Rc7 25. f4 Ng4 26. Rxc6 Nxe3+ 27.
fxe3 Rac8 28. Rxa7 Rxa7 29. Rxc8 Rc7 30. Rb8 Nc5 31. Bd5 Kd6 32. e4 f5 33. Rb6+
Kd7 34. exf5 Nd3 35. f6 Rc1+ 36. Ke2 Nxf4+ 37. Kd2 Rc5 38. fxg7 Rxd5+ 39. Ke3
Ng2+ 40. Ke4 Rg5 41. Rb8 1-0

[Event "Baku Open 2016"]
[Site "Baku AZE"]
[Date "2016.09.18"]
[Round "1.12"]
[White "Idrisov, Tabriz"]
[Black "Golubov, Saveliy"]
[Result "0-1"]
[BlackTitle "IM"]
[WhiteElo "2289"]
[BlackElo "2481"]
[WhiteFideId "13402870"]
[BlackFideId "24176729"]
[EventDate "2016.09.18"]

1. d4 Nf6 2. c4 g6 3. Nc3 Bg7 4. e4 d6 5. f3 O-O 6. Be3 c5 7. d5 e6 8. Nge2 exd5
9. cxd5 a6 10. a4 Nbd7 11. Ng3 h5 12. Be2 h4 13. Nf1 h3 14. g4 Nh7 15. Ng3 Qe7
16. Qd2 Re8 17. O-O Ne5 18. Kh1 Bd7 19. Qd1 b5 20. axb5 axb5 21. Nxb5 Rxa1 22.
Qxa1 Bxb5 23. Bxb5 Rb8 24. Be2 Rb3 25. Bc1 Nd3 26. Bxd3 Rxd3 27. Qa8+ Nf8 28.
Qa6 Rb3 29. Qc8 Bxb2 30. Bh6 Bg7 31. g5 Bxh6 32. gxh6 Qh4 33. h7+ Qxh7 34. Qd8
Qg7 35. Qxd6 Qb2 36. Rg1 Qf2 37. Qf4 Rb1 0-1

[Event "Baku Open 2016"]
[Site "Baku AZE"]
[Date "2016.09.18"]
[Round "1.13"]
[White "Bodnaruk, Anastasia"]
[Black "Miroshnichenko, Pavel"]
[Result "1-0"]
[WhiteTitle "IM"]
[WhiteElo "2465"]
[BlackElo "2281"]
[WhiteFideId "4181751"]
[BlackFideId "4188659"]
[EventDate "2016.09.18"]

1. e4 e5 2. Nf3 Nc6 3. Bb5 a6 4. Ba4 Nf6 5. O-O Be7 6. Re1 b5 7. Bb3 d6 8. c3
O-O 9. h3 Bb7 10. d4 Re8 11. Nbd2 Bf8 12. Bc2 h6 13. b3 d5 14. dxe5 Nxe5 15.
Nxe5 Rxe5 16. f4 Re8 17. e5 Bc5+ 18. Kh2 Ne4 19. Nxe4 dxe4 20. Be3 Bf8 21. Qg4
Qc8 22. Rad1 Qxg4 23. hxg4 g5 24. Rd7 Rac8 25. Bc1 Bc6 26. Rdd1 gxf4 27. Bxf4
Re6 28. Bxe4 Bxe4 29. Rxe4 f6 30. Rd7 fxe5 31. Rxe5 Rg6 32. Re3 Rxg4 33. Rxc7
Rxc7 34. Bxc7 Kf7 35. g3 Bc5 36. Re5 Be7 37. Kg2 Rg6 38. Re3 h5 39. Kh3 Rc6 40.
Be5 Bg5 41. Rd3 Ke6 42. Bd4 Kf5 43. Bh8 Ke4 44. Rd4+ Kf3 45. Rd5 Rg6 46. c4 bxc4
47. bxc4 Rg8 48. Bf6 Be3 49. Rf5+ Ke2 50. Be7 Bf2 51. Bd6 h4 52. gxh4 Be3 53. c5
Rg1 54. c6 Rc1 55. c7 Bb6 56. Rf7 Kd3 57. h5 Ke4 58. h6 Kd5 59. Bf4 Rh1+ 60. Bh2 1-0

[Event "Baku Open 2016"]
[Site "Baku AZE"]
[Date "2016.09.18"]
[Round "1.14"]
[White "Karayev, Kanan"]
[Black "Alavi, Sayed Javad"]
[Result "0-1"]
[WhiteTitle "CM"]
[BlackTitle "IM"]
[WhiteElo "2266"]
[BlackElo "2453"]
[WhiteFideId "13406671"]
[BlackFideId "12500607"]
[EventDate "2016.09.18"]

1. e4 c5 2. Nf3 e6 3. c3 Nf6 4. e5 Nd5 5. d4 cxd4 6. Qxd4 Nc6 7. Qe4 d6 8. Bb5
Bd7 9. exd6 Bxd6 10. O-O O-O 11. c4 Nf6 12. Qe2 a6 13. Rd1 Qc7 14. Ba4 Ng4 15.
h3 Nge5 16. Nxe5 Bxe5 17. Be3 Rad8 18. Nc3 Bc8 19. Rxd8 Rxd8 20. Rd1 Nd4 21.
Bxd4 Rxd4 22. Re1 Bd6 23. Rd1 Rxc4 24. Qd3 Be7 25. Bd7 Bf6 26. Ne4 Rxe4 27. Qxe4
Bxd7 28. Qe3 g6 29. Rc1 Bc6 30. b4 Qe5 0-1

[Event "Baku Open 2016"]
[Site "Baku AZE"]
[Date "2016.09.18"]
[Round "1.15"]
[White "Mammadov, Zaur"]
[Black "Bayramov, Elvin"]
[Result "0-1"]
[WhiteTitle "GM"]
[WhiteElo "2437"]
[BlackElo "2263"]
[WhiteFideId "13401033"]
[BlackFideId "13406655"]
[EventDate "2016.09.18"]

1. e4 c5 2. c3 d6 3. d4 cxd4 4. cxd4 Nf6 5. Nc3 Nc6 6. Nf3 e6 7. Bd3 Be7 8. O-O
O-O 9. h3 Qb6 10. e5 dxe5 11. dxe5 Nd7 12. Re1 Rd8 13. Na4 Qc7 14. Qc2 Nf8 15.
a3 Bd7 16. Bf4 Rac8 17. Nc3 Ng6 18. Bg3 Na5 19. Rac1 Qb6 20. b4 Nc6 21. Na4 Qc7
22. Qb3 Qb8 23. Rcd1 Be8 24. h4 b5 25. Nc5 Na5 26. bxa5 Rxc5 27. h5 Nf8 28. h6
Qc7 29. hxg7 Kxg7 30. a6 Qa5 31. Bf4 Rcd5 32. Bc1 b4 33. axb4 Ba4 34. Qb1 Qxb4
35. Rd2 Rxd3 36. Rxd3 Qxb1 37. Rxd8 Qb6 38. Rd4 Bc6 39. Rg4+ Ng6 40. Ng5 Qa5 41.
Rd1 Ba4 42. Rf1 Bb5 0-1

[Event "Baku Open 2016"]
[Site "Baku AZE"]
[Date "2016.09.18"]
[Round "1.16"]
[White "Orujov, Shujaat"]
[Black "Ameir, Moheb"]
[Result "0-1"]
[BlackTitle "IM"]
[WhiteElo "2260"]
[BlackElo "2431"]
[WhiteFideId "13403613"]
[BlackFideId "10600620"]
[EventDate "2016.09.18"]

1. e4 c5 2. Nf3 Nc6 3. d4 cxd4 4. Nxd4 e6 5. Nc3 Qc7 6. Be2 a6 7. O-O Nf6 8.
Nxc6 bxc6 9. f4 d5 10. e5 Nd7 11. Kh1 Be7 12. Bd3 c5 13. b3 O-O 14. Qh5 f5 15.
Qe2 c4 16. Nxd5 exd5 17. bxc4 Bb7 18. Bb2 Nb6 19. cxd5 Bxd5 20. h3 Bc5 21. Rfd1
Qc6 22. Rac1 Qh6 23. Bxf5 Rxf5 0-1

[Event "Baku Open 2016"]
[Site "Baku AZE"]
[Date "2016.09.18"]
[Round "1.17"]
[White "Iskandarov, Misratdin"]
[Black "Rayes, Abdul Kader"]
[Result "1-0"]
[WhiteTitle "IM"]
[WhiteElo "2423"]
[BlackElo "2254"]
[WhiteFideId "13400312"]
[BlackFideId "7600801"]
[EventDate "2016.09.18"]

1. e4 e5 2. Nf3 Nc6 3. Bb5 a6 4. Ba4 Nf6 5. O-O Be7 6. Bxc6 dxc6 7. d3 Nd7 8.
Nbd2 f6 9. d4 O-O 10. dxe5 Nxe5 11. h3 Bc5 12. Qe2 Be6 13. b3 Ng6 14. Nc4 Re8
15. Re1 Qb8 16. Nb2 a5 17. Nd3 Bd6 18. Nd4 Bf7 19. Nf5 Re6 20. h4 Qf8 21. Qg4
Kh8 22. h5 Ne5 23. Nxe5 fxe5 24. h6 gxh6 25. Qh4 Be7 26. Qh2 Bg5 27. Bb2 Rae8
28. Rad1 Bg6 29. Rd3 Kg8 30. Rf3 h5 31. Qg3 Bf6 32. Rd1 Rd8 33. Rxd8 Qxd8 34.
Nh6+ Kg7 35. Rd3 Qe8 36. Nf5+ Kh8 37. Qf3 Bxf5 38. Qxf5 Bg7 39. Ba3 b5 40. Bc5
b4 41. Qg5 Bf6 42. Qd2 h4 43. Qh6 Bg7 44. Qxh4 Qf7 45. Rd8+ Re8 46. Qe7 Qxe7 47.
Bxe7 Rg8 48. Kf1 h5 49. Ke2 Kh7 50. Rxg8 Kxg8 51. Bd8 Kf7 52. Bxc7 Ke6 53. Bxa5
c5 54. Kd3 Kd6 55. Kc4 Kc6 56. c3 bxc3 57. Bxc3 Bf6 58. a4 h4 59. f4 exf4 60.
Bxf6 f3 61. gxf3 h3 62. Be5 1-0

[Event "Baku Open 2016"]
[Site "Baku AZE"]
[Date "2016.09.18"]
[Round "1.18"]
[White "Derakhshani, Borna"]
[Black "Hesham, Abdelrahman"]
[Result "0-1"]
[WhiteTitle "FM"]
[BlackTitle "GM"]
[WhiteElo "2244"]
[BlackElo "2419"]
[WhiteFideId "12518450"]
[BlackFideId "10600183"]
[EventDate "2016.09.18"]

1. d4 Nf6 2. Bf4 g6 3. Nf3 Bg7 4. h3 c5 5. c3 Qb6 6. Qb3 Nc6 7. e3 d6 8. Nbd2
Be6 9. Nc4 Qxb3 10. axb3 O-O 11. Bd3 b5 12. Ncd2 b4 13. Bb5 Rfc8 14. Ba6 Rcb8
15. dxc5 bxc3 16. bxc3 Nd5 17. cxd6 Nxf4 18. exf4 Nb4 19. O-O Bxc3 20. Ra3 exd6
21. Rd1 Nxa6 22. Rxa6 Rb6 23. Rxb6 axb6 24. Ne4 Bxb3 25. Rxd6 Ba5 26. Nd4 Bc4
27. Nf6+ Kg7 28. Nd7 b5 29. Ne5 Bc3 30. Kh2 Ra2 31. Kg3 Be1 32. f5 Bxf2+ 33. Kf3
Bh4 34. Nxc4 bxc4 35. Rc6 Rf2+ 36. Kg4 Bf6 37. Rxc4 Be5 38. fxg6 Rf4+ 39. Kg3
hxg6 0-1

[Event "Baku Open 2016"]
[Site "Baku AZE"]
[Date "2016.09.18"]
[Round "1.19"]
[White "Guliev, Sarhan"]
[Black "Fendereski, Nima"]
[Result "1-0"]
[WhiteTitle "GM"]
[WhiteElo "2416"]
[BlackElo "2238"]
[WhiteFideId "13400231"]
[BlackFideId "12533807"]
[EventDate "2016.09.18"]

1. d4 Nf6 2. c4 e6 3. Nc3 Bb4 4. e3 b6 5. Ne2 Ba6 6. Ng3 O-O 7. e4 d5 8. cxd5
Bxf1 9. Kxf1 Bxc3 10. bxc3 exd5 11. e5 Ne4 12. f3 Nxg3+ 13. hxg3 f5 14. Qd3 Qd7
15. g4 Nc6 16. Ba3 Rf7 17. Re1 Re8 18. Rh5 g6 19. gxf5 Rxf5 20. Rxf5 Qxf5 21.
Qxf5 gxf5 22. Kf2 Nd8 23. Rh1 Kg7 24. Bc1 Nf7 25. Rh4 Nh8 26. Rh5 c5 27. Rxf5
cxd4 28. cxd4 Rc8 29. Bg5 Ng6 30. e6 Rc2+ 31. Kg3 Re2 32. Rxd5 Rxe6 33. Rd7+ Kg8
34. Rxa7 Rd6 35. Bh6 Rxd4 36. Rg7+ Kh8 37. Rb7 Kg8 38. Rxb6 Ra4 39. Rb2 Ne7 40.
Bd2 Nf5+ 41. Kf2 Nd6 42. Rc2 Nf5 43. Bc1 Kf7 44. a3 Ra6 45. Rc7+ Kg6 46. Rc4 h5
47. a4 Nd6 48. Rc5 Nb7 49. Rg5+ Kf6 50. Rxh5 Rxa4 51. g4 Rc4 52. Be3 Kg7 53. Rd5
Rb4 54. f4 Kf7 55. Kf3 Ke6 56. Re5+ Kf7 57. f5 Nd6 58. Bc5 Rb3+ 59. Kf4 1-0

[Event "Baku Open 2016"]
[Site "Baku AZE"]
[Date "2016.09.18"]
[Round "1.20"]
[White "Fataliyeva, Ulviyya"]
[Black "Sindarov, Javokhir"]
[Result "1-0"]
[WhiteTitle "WIM"]
[BlackTitle "CM"]
[WhiteElo "2234"]
[BlackElo "2415"]
[WhiteFideId "13403052"]
[BlackFideId "14205483"]
[EventDate "2016.09.18"]

1. e4 d6 2. d4 Nf6 3. Nc3 e5 4. Nf3 Nbd7 5. Bc4 Be7 6. O-O O-O 7. Re1 c6 8. a4
Qc7 9. h3 b6 10. d5 Bb7 11. dxc6 Bxc6 12. Bb5 h6 13. Nh4 Rfd8 14. Nf5 Bf8 15.
Ra3 Kh7 16. Nd5 Nxd5 17. Bxc6 Qxc6 18. exd5 Qb7 19. Qf3 Kh8 20. c4 Rac8 21. Re4
Re8 22. Rh4 e4 23. Bxh6 gxh6 24. Qf4 Ne5 25. Rxh6+ Kg8 26. Qxe5 Bxh6 27. Rg3+
Kh7 28. Rg7+ Kh8 29. Qf6 1-0

[Event "Baku Open 2016"]
[Site "Baku AZE"]
[Date "2016.09.18"]
[Round "1.21"]
[White "Sadikhov, Ulvi"]
[Black "Mammadova, Narmin"]
[Result "1-0"]
[WhiteTitle "IM"]
[BlackTitle "WIM"]
[WhiteElo "2409"]
[BlackElo "2230"]
[WhiteFideId "13401416"]
[BlackFideId "13403710"]
[EventDate "2016.09.18"]

1. e4 c6 2. d3 d5 3. Nd2 g6 4. Ngf3 Bg7 5. g3 e5 6. Bg2 Ne7 7. O-O O-O 8. Qe2
Qc7 9. c3 b6 10. Re1 Nd7 11. d4 exd4 12. Nxd4 Bb7 13. exd5 Nxd5 14. Bxd5 cxd5
15. N2f3 Nc5 16. Bf4 Qd7 17. Ne5 Qh3 18. Nec6 Qd7 19. Ne5 Qh3 20. Ng4 Ba6 21.
Qf3 Bd3 22. Qd1 Be4 23. f3 Nd3 24. fxe4 Nxe1 25. Ne3 Rfe8 26. Qxe1 Rxe4 27. Rd1
Rae8 28. Qf1 Qxf1+ 29. Nxf1 Re1 30. Rxe1 Rxe1 31. Nb3 Re2 32. Bd2 a5 33. Nc1 Re4
34. Kf2 d4 35. c4 a4 36. Nd3 f5 37. Bf4 Re6 38. Nd2 h6 39. h4 Kh7 40. Nf3 Rc6
41. b3 a3 42. Bc1 Rc8 43. Nfe1 Bf8 44. Bf4 Bc5 45. Nxc5 bxc5 46. Nd3 Rc6 47. Bc1
Rc7 48. Kf3 Rc8 49. Bxa3 Ra8 50. Bxc5 Rxa2 51. Bxd4 g5 52. h5 Rd2 53. Ke3 Rg2
54. Be5 f4+ 55. gxf4 g4 56. c5 g3 57. Ne1 Rg1 58. Ke2 g2 59. Bd4 1-0